000 01360nam a2200385 c 4500
001 53067
003 ES-MaCES
005 20250203132936.0
007 cr |||||||||||
008 240215s2023 sp 000 | spa d
017 _aBI 1609-2023
_bDL
020 _a9788492937981
040 _aES-MaCES
_bspa
_cES-MaCES
100 1 _940934
_aVillar Notario, Antonio
245 1 0 _aPresente y futuro de la juventud española
_b: una perspectiva socioeconómica
_cdir. por Francisco Pérez García ; [autores], Consuelo Mínguez Bosque … [et al.];
260 _aBilbao
_bFundación BBVA
_c2023
300 _a322 p.
_c24 cm
_e1 documento pdf (7,19 mb)
504 _aBibliografía: p. 295-305
541 _cGratuito
650 4 _ajuventud
_928522
650 4 _anivel educativo
_927448
650 4 _acondiciones de trabajo
_928327
650 4 _aempleo de jóvenes
_929982
650 4 _adesempleo de jóvenes
_929983
650 4 _arégimen de pensión
_927042
650 4 _acondiciones de vida
_927111
650 4 _aEspaña
_926964
653 1 0 _aAsuntos Sociales
700 1 _aPérez García, Francisco
_920776
_edir.
700 1 _aMínguez Bosque, Consuelo
_940936
710 2 _aFundación BBVA
_eed.
_93766
856 4 _uhttp://biblioteca.ces.es/repintra/B53067.pdf
_ytexto completo
_z[intranet]
902 _aLIB Libro
942 _2CES
_cBK
_h3.3.
999 _c53067
_d53067